| 000 | 01028nam a2200313Ia 4500 | ||
|---|---|---|---|
| 003 | OSt | ||
| 005 | 20260409125150.0 | ||
| 008 | 210210b2008 xxu||||| |||| 00| 0 eng d | ||
| 040 | _cAL | ||
| 041 | _aHindi | ||
| 082 | _aH891.309 MEHM | ||
| 100 |
_aMEHRA (Dilip) _dमेहरा (दिलीप) _9261099 |
||
| 245 |
_aMannu-bhandari ke katha sahitya mein manavjivan ki samasyavo ka nirupan _bमन्नू-भंडारी के कथा साहित्य में मानवजीवन की समस्याओं का निरूपण |
||
| 260 |
_aVidwanagar _bDarpana Prakashana _c2008 |
||
| 300 | _a252 | ||
| 650 |
_asamasyavo _9261100 |
||
| 650 |
_asahitya _9261101 |
||
| 650 |
_anirupan _9261102 |
||
| 650 |
_amein _9261103 |
||
| 650 |
_aMannu-bhandari _9261104 |
||
| 650 |
_amanavjivan _9261105 |
||
| 650 |
_aki _9261106 |
||
| 650 |
_ake _9261107 |
||
| 650 |
_akatha _9261108 |
||
| 650 |
_aka _9261109 |
||
| 690 |
_aHindi Criticism _9261110 |
||
| 906 | _a063515 | ||
| 942 |
_2ddc _cBK |
||
| 999 |
_c136825 _d136825 |
||